Friends Theme Song Lyrics (Full Version) - Statistics

General Stats
  • This quiz has been taken 87 times
  • The average score is 128 of 281
Answer Stats
Answer % Correct
You
100%
Be
98%
Life
98%
No
98%
Was
98%
Gonna
97%
One
97%
Told
97%
This
95%
So
94%
Way
94%
Your
91%
A
89%
Be
88%
Been
88%
You
88%
Your
88%
Your
88%
Your
88%
Your
88%
Be
86%
Day
86%
For
86%
Hasn't
86%
I'll
86%
In
86%
Second
86%
There
86%
To
86%
Year
86%
You
86%
Your
86%
You're
86%
Always
85%
For
85%
Gear
85%
I'll
85%
Like
85%
Month
85%
The
85%
There
85%
When
85%
You're
85%
Broke
83%
Even
83%
Stuck
83%
Week
83%
Been
82%
It
82%
Joke
82%
Like
82%
Love
82%
Or
82%
Rain
82%
Starts
82%
When
82%
Be
80%
D. O. A.
80%
Job's
80%
You
80%
For
78%
I'll
78%
It's
78%
Life's
78%
There
78%
There
78%
For
77%
Me
77%
There
77%
I've
75%
Too
75%
Before
74%
Pour
74%
You're
74%
But
69%
'Cause
66%
You
45%
Be
43%
Be
43%
Be
43%
Been
43%
To
43%
You
43%
You
43%
You
43%
For
42%
For
42%
For
42%
For
42%
I'll
42%
I'll
42%
I'll
42%
Me
42%
The
42%
There
42%
There
42%
There
42%
There
42%
There
42%
When
42%
You
42%
You
42%
You're
42%
Be
40%
Like
40%
To
40%
Too
40%
You
40%
Your
40%
Your
40%
Your
40%
In
38%
I've
38%
No
38%
Rain
38%
Starts
38%
The
38%
When
38%
You're
38%
Be
37%
Before
37%
I'll
37%
Like
37%
Me
37%
Me
37%
No
37%
One
37%
To
37%
To
37%
Be
35%
Be
35%
Be
35%
Be
35%
'Cause
35%
Day
35%
For
35%
Has
35%
Me
35%
Me
35%
One
35%
Pour
35%
The
35%
The
35%
The
35%
There
35%
You
35%
You
35%
You
35%
You
35%
You're
35%
Always
34%
Be
34%
Be
34%
Been
34%
Been
34%
For
34%
For
34%
For
34%
For
34%
I'll
34%
I'll
34%
I'll
34%
I'll
34%
Like
34%
One
34%
So
34%
The
34%
There
34%
There
34%
There
34%
There
34%
To
34%
Too
34%
When
34%
You
34%
You
34%
You
34%
Your
34%
Your
34%
Your
34%
Your
34%
You're
34%
You're
34%
Always
32%
But
32%
Day
32%
For
32%
For
32%
For
32%
Hasn't
32%
I'll
32%
I'll
32%
In
32%
Like
32%
Me
32%
Month
32%
Second
32%
There
32%
There
32%
There
32%
There
32%
When
32%
Year
32%
You're
32%
Gear
31%
It
31%
Like
31%
Rain
31%
Starts
31%
Too
31%
Week
31%
Even
29%
Even
29%
It
29%
It's
29%
I've
29%
Or
29%
Stuck
29%
And
28%
Before
28%
'Cause
28%
Going
28%
It's
28%
Pour
28%
'Cause
26%
Know
26%
Who
26%
Are
25%
At
25%
At
25%
Days
23%
Didn't
23%
Down
23%
Eight
23%
See
23%
These
23%
Things
23%
What
23%
Bed
22%
Brought
22%
Ever
22%
Ever
22%
Great
22%
Knees
22%
She
22%
Still
22%
Tell
22%
Ten
22%
That
22%
There'd
22%
With
22%
With
22%
With
22%
Work
22%
World
22%
Breakfast
20%
Could
20%
Could
20%
Mother
20%
Began
18%
Burned
18%
Far
18%
Knows
18%
Only
18%
Warned
18%
With
18%
All
17%
At
17%
Laugh
17%
Someone
17%
Someone
17%
Best
15%
Make
15%
My
15%
Rest
15%
Seems
15%
Through
15%
Yeah
15%
Face
14%
I'm
14%
Worst
12%
No matching quizzes found
Score Distribution
Percent of People with Each Score
Percentile by Number Answered
Your Score History
You have not taken this quiz